000 00406nam a2200193Ia 4500
001 12743
003 GE_BSU
008 181216s||||||||xx |||||||||||||| ||und||
040 _cGE_BSU
080 _a821.111-312.4
100 _aConnelly,Michael
245 _aNine Dragons
260 _aLondon
260 _bHieronymus
260 _c2009
300 _a377p.24cm.
653 _aNine Dragons
942 _cBK
999 _c45914
_d45914